| Tag |
First Indicator |
Second Indicator |
Subfields |
| LEADER |
00000cam a2200000Ia 4500 |
| 001 |
in00002000588 |
| 005 |
20220105141711.0 |
| 006 |
m d |
| 007 |
cr cnu---unuuu |
| 008 |
040324s2004 dcua sb 001 0 eng d |
| 020 |
|
|
|a 0309527325 (electronic bk.)
|
| 035 |
|
|
|a (OCoLC)ocm54797982
|
| 040 |
|
|
|a N$T
|c N$T
|d OCLCQ
|d UtOrBLW
|
| 049 |
|
|
|a IKMN
|
| 050 |
1 |
4 |
|a RT87.S24
|b K447 2004eb
|
| 060 |
1 |
4 |
|a WX 185
|b K26c 2004
|
| 082 |
0 |
4 |
|a 362.17/3
|2 22
|
| 245 |
0 |
0 |
|a Keeping patients safe :
|b transforming the work environment of nurses /
|c Committee on the Work Environment for Nurses and Patient Safety, Board on Health Care Services ; Ann Page, editor.
|
| 264 |
|
1 |
|a Washington, D.C. :
|b National Academies Press,
|c [2004]
|
| 264 |
|
4 |
|c ©2004
|
| 300 |
|
|
|a xxi, 462 pages :
|b illustrations ;
|c 24 cm.
|
| 336 |
|
|
|a text
|b txt
|2 rdacontent
|
| 337 |
|
|
|a computer
|b c
|2 rdamedia
|
| 338 |
|
|
|a online resource
|b cr
|2 rdacarrier
|
| 504 |
|
|
|a Includes bibliographical references (pages 425-435) and index.
|
| 530 |
|
|
|a Also available in electronic, as viewed 11/6/2003.
|
| 533 |
|
|
|a Electronic reproduction.
|b Boulder, Colo. :
|c NetLibrary,
|d 2004.
|n Available via World Wide Web.
|n Access may be limited to NetLibrary affiliated libraries.
|
| 500 |
|
|
|a Electronic resource.
|
| 650 |
|
0 |
|a Nursing
|x Safety measures.
|
| 650 |
|
0 |
|a Work environment
|x Safety measures.
|
| 650 |
|
0 |
|a Industrial safety.
|0 http://id.loc.gov/authorities/subjects/sh85065936
|
| 650 |
|
0 |
|a Nursing errors
|x Prevention.
|
| 650 |
|
0 |
|a Medical care
|x Quality control.
|0 http://id.loc.gov/authorities/subjects/sh85082880
|
| 650 |
|
0 |
|a Nurse and patient.
|0 http://id.loc.gov/authorities/subjects/sh85093312
|
| 650 |
1 |
2 |
|a Safety Management
|x organization & administration.
|0 https://id.nlm.nih.gov/mesh/D017751Q000458
|
| 650 |
2 |
2 |
|a Nurse's Role.
|0 https://id.nlm.nih.gov/mesh/D024802
|
| 650 |
2 |
2 |
|a Nursing Care
|x organization & administration.
|0 https://id.nlm.nih.gov/mesh/D009732Q000458
|
| 650 |
2 |
2 |
|a Workplace
|x organization & administration.
|0 https://id.nlm.nih.gov/mesh/D017132Q000458
|
| 655 |
|
7 |
|a Electronic books.
|2 local
|
| 700 |
1 |
|
|a Child, Anne P.
|q (Anne Page)
|0 http://id.loc.gov/authorities/names/n85198564
|
| 710 |
2 |
|
|a Institute of Medicine (U.S.).
|b Committee on the Work Environment for Nurses and Patient Safety.
|0 http://id.loc.gov/authorities/names/no2004037161
|
| 710 |
2 |
|
|a NetLibrary, Inc.
|0 http://id.loc.gov/authorities/names/no99080690
|
| 776 |
1 |
|
|c Original
|z 0309090679
|w (DLC) 2003022651
|w (OCoLC)53276279
|
| 856 |
4 |
1 |
|u https://proxy.library.tamu.edu/login?url=http://www.netLibrary.com/urlapi.asp?action=summary&v=1&bookid=106774
|z Connect to the full text of this electronic book
|t 0
|
| 994 |
|
|
|a 92
|b IKM
|
| 999 |
|
|
|a MARS
|
| 999 |
f |
f |
|s cb7cfd3e-52e1-332a-9e0d-6685fa83ae68
|i d3ef1631-4e99-3b2e-ae71-0f5277361b92
|t 0
|
| 952 |
f |
f |
|a Texas A&M University
|b College Station
|c Electronic Resources
|d Available Online
|t 0
|e RT87.S24 K447 2004eb
|h Library of Congress classification
|
| 998 |
f |
f |
|a RT87.S24 K447 2004eb
|t 0
|l Available Online
|